Špecialista na elektrické vykurovanie a ochranné systémy ideálne riešenie s mnohými výhodami

Bibliographic Details
Main Author: Lašák, Dušan (Author)
Format: Article
Language:Slovak
PhysicalDescription:Fotogr.
ISSN:1336-8273
Subjects:

MARC

LEADER 00000nab a2200000 ar4500
001 vtls008961969
003 SK-MaSNL
005 20260303070715.0
008 070405c2007 xo |||||||||||000 b|slo
015 |a SNBRB2007/04  |2 snkbucl 
038 |a SNKBUCL 
040 |a SNKBUCL  |b slo  |c SNKBUCL  |e AACR2 
041 0 |a slo 
044 |a xo  |c SK 
080 |a 697.7:692.5:697.27:061.5  |x (437.6)  |2 1997 
080 |a 697.27  |2 1997 
245 0 0 |a Špecialista na elektrické vykurovanie a ochranné systémy  |b ideálne riešenie s mnohými výhodami  |c Dušan Lašák 
300 |b Fotogr. 
610 2 7 |a DEVI (Slovensko)  |2 snkbucl  |9 1037832 
650 0 7 |a elektrické podlahové vykurovanie  |2 snkbucl  |9 587935 
650 0 7 |a inteligentné vykurovanie  |2 snkbucl  |9 1037833 
650 0 7 |a termokáblové systémy  |2 snkbucl  |9 1068482 
700 1 |a Lašák, Dušan  |4 aut  |4 ive  |9 361639 
773 0 |t In Energo Eco  |g Roč. 2, č. 1/2 (2007), s. 22-23  |x 1336-8273 
852 |a SNK  |b KIS3GCP 
958 |a SK 
999 |c 1756592  |d 1758522